Prognóza tržieb - východisko finančného plánu

Finančné plánovanie. Plán zisku, plánovaná bilancia a plán cash flow. Prognózovanie tržieb.

Uložené v:
Podrobná bibliografia
Hlavný autor: Tóthová, Alena, 1968-
Médium: Kapitola
Jazyk:Slovak
Predmet:
Tagy: Pridať tag
Žiadne tagy, Buďte prvý, kto otaguje tento záznam!

MARC

LEADER 00000naa$a2200000$$$4500
001 0181059
005 20240502073111.8
041 0 |a slo 
044 |a SK 
245 1 0 |a Prognóza tržieb - východisko finančného plánu  |c Alena Tóthová 
520 |a Finančné plánovanie. Plán zisku, plánovaná bilancia a plán cash flow. Prognózovanie tržieb. 
610 2 0 |a plánovanie finančné 
610 2 0 |a plán finančný 
610 2 0 |a tržby 
610 2 0 |a prognózovanie 
610 2 0 |a manažment finančný 
100 1 |a Tóthová, Alena, 1968-